skbl

Dr Suryya Kumar Bhuyan Library Web-OPAC
ডঃ সূৰ্য্য
কুমাৰ ভূঞা পুথিভঁৰাল ৱেব-অ'পেক

All Research Scholars are advised to clear the annual library fees to continue using Library Resources, Remote Access, Plagiarism Test and Library Clearance.

Cotton University Book Fair 2026

Numerical Analysis / (Record no. 21509)

MARC details
000 -LEADER
fixed length control field 01054nam a2200397Ia 4500
001 - CONTROL NUMBER
control field 21527
005 - DATE AND TIME OF LATEST TRANSACTION
control field 20240114000603.0
007 - PHYSICAL DESCRIPTION FIXED FIELD--GENERAL INFORMATION
fixed length control field ta
008 - FIXED-LENGTH DATA ELEMENTS--GENERAL INFORMATION
fixed length control field 060306s2006 a g b000 u 465 u
020 ## - INTERNATIONAL STANDARD BOOK NUMBER
International Standard Book Number 81-224-1834-1
Terms of availability Rs. 175.00
040 ## - CATALOGING SOURCE
Original cataloging agency Cotton College,Assam
041 ## - LANGUAGE CODE
Language code of text/sound track or separate title 465
082 ## - DEWEY DECIMAL CLASSIFICATION NUMBER
Classification number 518
Item number Ra 18 Nu
100 ## - MAIN ENTRY--PERSONAL NAME
Personal name Rao, G. Shanker .
245 #0 - TITLE STATEMENT
Title Numerical Analysis /
Statement of responsibility, etc. G. Shanker Rao.
Medium Textual Documents
250 ## - EDITION STATEMENT
Edition statement 3rd rev ed. /
260 ## - PUBLICATION, DISTRIBUTION, ETC.
Place of publication, distribution, etc. New Delhi :
Name of publisher, distributor, etc. New Age International ( P ) Limited ,
Date of publication, distribution, etc. 2006.
300 ## - PHYSICAL DESCRIPTION
Extent xiv, 322p. :
Other physical details ill ;
Dimensions 23cm .
365 ## - TRADE PRICE
Price type code Rs. 175.00
504 ## - BIBLIOGRAPHY, ETC. NOTE
Bibliography, etc. note Index
653 ## - INDEX TERM--UNCONTROLLED
Uncontrolled term Mathematics-Numerical Analysis
653 ## - INDEX TERM--UNCONTROLLED
Uncontrolled term Numerical Analysis
653 ## - INDEX TERM--UNCONTROLLED
Uncontrolled term G-Mathematics
653 ## - INDEX TERM--UNCONTROLLED
Uncontrolled term Deptt.-Mathematics
653 ## - INDEX TERM--UNCONTROLLED
Uncontrolled term PG-Mathematics
942 ## - ADDED ENTRY ELEMENTS (KOHA)
Source of classification or shelving scheme Dewey Decimal Classification
Koha item type Books
Holdings
Withdrawn status Lost status Damaged status Not for loan Collection Home library Current library Date acquired Coded location qualifier Cost, normal purchase price Total checkouts Full call number Barcode Date last seen Copy number Price effective from Koha item type Date last checked out
          Dr. Suryya Kumar Bhuyan Library Dr. Suryya Kumar Bhuyan Library 01/02/2012 00000 175.00   518 Ra 18 Nu 90836 14/01/2024 7 01/02/2012 Books  
          Dr. Suryya Kumar Bhuyan Library Dr. Suryya Kumar Bhuyan Library 01/02/2012 00000 175.00   518 Ra 18 Nu 1709/Math 14/01/2024 4 01/02/2012 Books  
          Dr. Suryya Kumar Bhuyan Library Dr. Suryya Kumar Bhuyan Library 01/02/2012 00000 175.00   518 Ra 18 Nu 1710/Math 14/01/2024 3 01/02/2012 Books  
          Dr. Suryya Kumar Bhuyan Library Dr. Suryya Kumar Bhuyan Library 01/02/2012 00000 175.00   518 Ra 18 Nu 1711/Math 14/01/2024 2 01/02/2012 Books  
          Dr. Suryya Kumar Bhuyan Library Dr. Suryya Kumar Bhuyan Library 01/02/2012 00000 175.00   518 Ra 18 Nu 1712/Math 14/01/2024 1 01/02/2012 Books  
          Dr. Suryya Kumar Bhuyan Library Dr. Suryya Kumar Bhuyan Library 01/02/2012 00000 175.00   518 Ra 18 Nu 1713/Math 14/01/2024 5 01/02/2012 Books  
          Dr. Suryya Kumar Bhuyan Library Dr. Suryya Kumar Bhuyan Library 01/02/2012 00000 175.00 1 518 Ra 18 Nu 1838/Math 11/09/2024 8 01/02/2012 Books 03/09/2024
          Dr. Suryya Kumar Bhuyan Library Dr. Suryya Kumar Bhuyan Library 01/02/2012 00000 175.00   518 Ra 18 Nu 90835 14/01/2024 6 01/02/2012 Books  

Designed and Maintained by Team SKBL
©1901-2026

Powered by Koha